| 000 | 00695nam a2200217 a 4500 | ||
|---|---|---|---|
| 003 | OSt | ||
| 005 | 20130530183812.0 | ||
| 008 | 130528s1973 ag ||||| |||| 00| 0 spa d | ||
| 040 | _cBiblioteca Medicina | ||
| 041 | _aspa | ||
| 082 | _aOMS CSP 46 | ||
| 100 | 1 |
_aHilleboe, Herman E. _92368 |
|
| 245 |
_aCuadernos de Salud Publica 46 _bMetodos de Planificacion Sanitaria Nacional |
||
| 250 | _a1° ed. | ||
| 260 |
_aGinebra _bOrganizacion Mundial de la Salud _c1973 |
||
| 300 | _a123 p. | ||
| 653 | _aPLANIFICACION SANITARIA-EEUU | ||
| 653 | _aSALUD PUBLICA-EEUU | ||
| 942 |
_2ddc _cPH |
||
| 952 |
_pH0007 _40 _00 _bBFM _10 _oOMS CSP 46 _d2013-05-28 _tEj. 1 _8NFIC _70 _cCR _2ddc _yPH _aBFM |
||
| 999 |
_c1467 _d1467 |
||